[Event "POL-ChT2"]
[Site "Katowice POL"]
[Date "2010.09.05"]
[Round "2"]
[White "Dobrowolski, Aleksander"]
[Black "Gola, Karol"]
[Result "1-0"]
[WhiteElo "2328"]
[BlackElo "2211"]
[EventDate "2010.09.04"]
[PlyCount "53"]

1.e4 c5 2.Nf3 e6 3.d4 cxd4 4.Nxd4 a6 5.Nc3 b5 6.Bd3 Bb7 7.O-O Qc7 8.Re1 d6
9.Bg5 Nf6 10.Bxf6 gxf6 11.a4 b4 12.Na2 Qa5 13.c3 bxc3 14.Nxc3 Nd7 15.Bf1 
Rc8 16.f4 Bh6 17.f5 e5 18.Nb3 Qb6+ 19.Kh1 Nc5 20.Bc4 Nxb3 21.Bxb3 Bf8 22.
a5 Qd4 23.Qh5 Rc7 24.Bd5 Qd2 25.Re2 Qd4 26.Rd1 Rxc3 27.Red2 1-0

[Event "POL-ChT2"]
[Site "Katowice POL"]
[Date "2010.09.05"]
[Round "2"]
[White "Szydlowska-Duda, Marta"]
[Black "Zmarzly, Aleksandra"]
[Result "1/2-1/2"]
[WhiteElo "2063"]
[BlackElo "2063"]
[EventDate "2010.09.04"]
[PlyCount "108"]

1.d4 d5 2.Nf3 Nf6 3.Bf4 c5 4.e3 Qb6 5.Qc1 Nc6 6.c3 Bf5 7.Be2 Rc8 8.O-O e6 
9.Nbd2 cxd4 10.exd4 Be7 11.a4 O-O 12.Be3 Ne4 13.Nxe4 Bxe4 14.Ne5 Rfd8 15.
Nxc6 bxc6 16.a5 Qb3 17.Bd1 Qb7 18.b4 Bd3 19.Re1 Re8 20.Qd2 Bg6 21.Bf4 Bf8 
22.h4 h6 23.g4 Qd7 24.h5 Bh7 25.g5 hxg5 26.Bxg5 f6 27.Bf4 Bd6 28.Bg4 Rcd8 
29.Qe3 Bxf4 30.Qxf4 Qd6 31.Qxd6 Rxd6 32.f4 Be4 33.Kf2 e5 34.fxe5 fxe5 35.
Ke3 Rf6 36.dxe5 Rxe5 37.Kd4 Rg5 38.Rg1 Kh8 39.Be2 Rgf5 40.Rg3 Rf2 41.Bg4 
R2f4 42.Ke3 Bc2 43.Bf3 Be4 44.Be2 Bh7 45.Rag1 Re4+ 46.Kd2 Re7 47.Rf1 Rxf1 
48.Bxf1 Be4 49.Be2 Rf7 50.Ke3 Kh7 51.Kd4 Rf2 52.Bg4 Bc2 53.Kc5 Ba4 54.Bd7 
Rf4 1/2-1/2

[Event "POL-ChT2"]
[Site "Katowice POL"]
[Date "2010.09.05"]
[Round "2"]
[White "Markowski, Tomasz"]
[Black "Rudolf, Michal"]
[Result "1-0"]
[WhiteElo "2626"]
[BlackElo "2372"]
[EventDate "2010.09.04"]
[PlyCount "83"]

1.c4 g6 2.g3 Bg7 3.Bg2 d6 4.Nc3 e5 5.d3 Nf6 6.e4 O-O 7.Nge2 c6 8.O-O Be6 
9.h3 Qd7 10.Kh2 Na6 11.f4 h5 12.Be3 h4 13.Qd2 hxg3+ 14.Nxg3 exf4 15.Bxf4 
Rfe8 {%} 16.Rae1 {%} 16...Nh7 17.b3 b5 18.cxb5 cxb5 19.d4 Rac8 20.Rc1 b4 
21.Na4 Qe7 22.Nb2 Rxc1 23.Rxc1 Qh4 24.Ne2 Nf6 25.Qe1 Qxe1 26.Rxe1 d5 27.e5
Nh5 28.Rc1 Nb8 29.Nd3 Bf8 30.Bd2 a5 31.Bg5 f6 32.Nef4 fxg5 33.Nxe6 Rxe6 
34.Bxd5 Ng7 35.Rc8 Nd7 36.Rc7 Nb8 37.Rb7 Na6 38.Ra7 Nb8 39.Bxe6+ Nxe6 40.
d5 Nd4 41.Kg2 Nf5 42.Kf3 1-0

[Event "POL-ChT2"]
[Site "Katowice POL"]
[Date "2010.09.05"]
[Round "2"]
[White "Warszawski, Bartosz"]
[Black "Brodowski, Piotr"]
[Result "0-1"]
[WhiteElo "2309"]
[BlackElo "2413"]
[EventDate "2010.09.04"]
[PlyCount "74"]

1.e4 {]} 1...c5 {]} 2.Nf3 {]} 2...Nc6 {]} 3.d4 {]} 3...cxd4 {]} 4.Nxd4 {]}
4...Nf6 {]} 5.Nc3 {]} 5...e5 {]} 6.Ndb5 {]} 6...d6 {]} 7.Bg5 {]} 7...a6 {]
} 8.Na3 {]} 8...b5 {]} 9.Nd5 {]} 9...Be7 {]} 10.Bxf6 {]} 10...Bxf6 {]} 11.
c3 {]} 11...O-O {]} 12.Nc2 {]} 12...Bb7 {]} 13.a4 {]} 13...bxa4 {]} 14.
Rxa4 {]} 14...Nb8 {[%clk 1:33]} 15.Nce3 Nd7 16.Nc4 Nc5 17.Rb4 Bg5 18.h4 
Bxd5 19.exd5 Be7 20.Rb6 a5 21.b3 Qd7 22.Be2 Qa7 23.h5 Rab8 24.Rxb8 Rxb8 
25.Nd2 Bg5 26.O-O Bxd2 27.Qxd2 Nxb3 28.Qa2 Nc5 29.Ra1 a4 30.Bd1 Qa5 31.Qa3
Qa6 32.Bc2 h6 33.Qa2 Kf8 34.Rb1 Rxb1+ 35.Qxb1 Qa7 36.Qa2 a3 37.Bd1 Qb7 0-1

[Event "POL-ChT2"]
[Site "Katowice POL"]
[Date "2010.09.05"]
[Round "2"]
[White "Zezulkin, Jurij"]
[Black "Kaim, Piotr"]
[Result "1-0"]
[WhiteElo "2437"]
[BlackElo "2288"]
[EventDate "2010.09.04"]
[PlyCount "63"]

1.e4 d6 2.d4 Nf6 3.Nc3 g6 4.Bc4 Bg7 5.Qe2 Nc6 6.e5 Ng4 7.Bb5 O-O 8.Bxc6 
bxc6 9.h3 Nh6 10.Nf3 c5 {[%clk 1:25]} 11.dxc5 Bb7 12.Bg5 Qb8 13.O-O-O Bxf3
14.Qxf3 dxe5 15.Bxe7 e4 16.Qxe4 Re8 17.g4 Kh8 18.Rd7 Ng8 19.g5 Nxe7 20.
Rxe7 Rxe7 21.Qxe7 Qb4 22.Qe4 Rb8 23.Qxb4 Rxb4 24.Re1 Bxc3 25.bxc3 Rc4 26.
Re5 Rxc3 27.Kb2 Rf3 28.c6 Rxf2 29.Re7 Rf5 30.Rxc7 Rxg5 31.Rxf7 Rb5+ 32.Kc1
1-0

[Event "POL-ChT2"]
[Site "Katowice POL"]
[Date "2010.09.05"]
[Round "2"]
[White "Rams, Michal"]
[Black "Oliwa, Marek"]
[Result "1/2-1/2"]
[WhiteElo "2281"]
[BlackElo "2418"]
[EventDate "2010.09.04"]
[PlyCount "240"]

1.e4 Nf6 2.e5 Nd5 3.d4 d6 4.c4 Nb6 5.exd6 exd6 6.Nc3 g6 7.Nf3 Bg7 8.Bg5 f6
9.Be3 O-O 10.c5 N6d7 11.Bc4+ Kh8 12.O-O Nc6 13.cxd6 cxd6 14.a3 {%} 14...
Nb6 15.Ba2 d5 16.Rc1 Be6 17.Na4 Nc4 18.Nc5 Bg8 19.Nxb7 Qb8 20.Bxc4 dxc4 
21.Nc5 Rd8 22.Qa4 Ne7 23.Nd2 Nd5 24.Nxc4 Nb6 25.Nxb6 axb6 26.Qc2 bxc5 27.
dxc5 f5 28.Bg5 Rc8 29.b4 Rxa3 30.Rb1 f4 31.Qc1 Rc3 32.Qxf4 Rc4 33.Qd2 Rd4 
34.Qc3 Rc4 35.Qd2 Qb7 36.Be3 Qb5 37.Rfc1 Rb8 38.Rxc4 Qxc4 39.Qe1 Bd5 40.
Bh6 Bf6 41.Bg5 Bc3 42.Bd2 Bf6 43.Bg5 Kg7 44.Bxf6+ Kxf6 45.Qd2 Qe4 46.Qb2+ 
Qe5 47.f4 Qxb2 48.Rxb2 Bc6 49.g4 Ke6 50.Kf2 Kd5 51.Kg3 Ke6 52.Kh4 h6 53.
Rd2 Bd5 54.Re2+ Kf6 55.Rd2 Be6 56.Rb2 Ra8 57.Kg3 Ra3+ 58.Kf2 Rc3 59.b5 
Rxc5 60.b6 Rc8 61.b7 Rb8 62.Rb6 Kf7 63.f5 gxf5 64.gxf5 Bxf5 65.Rxh6 Rxb7 
66.Ke3 Bg6 67.Kd4 Kg7 68.Rh3 Kf6 69.Re3 Bf5 70.h4 Rh7 71.h5 Rxh5 72.Re8 
Rh1 73.Rf8+ Kg5 74.Ke5 Re1+ 75.Kd4 Kf4 76.Rh8 Rd1+ 77.Kc5 Ke5 78.Rh5 Rc1+ 
79.Kb4 Ke4 80.Rh8 Rc7 81.Re8+ Kd3 82.Rd8+ Ke4 83.Re8+ Kd4 84.Rd8+ Ke5 85.
Re8+ Be6 86.Rh8 Bd5 87.Rh5+ Kd4 88.Rh4+ Be4 89.Rh5 Rc4+ 90.Kb5 Rc2 91.Kb6 
Rb2+ 92.Kc7 Bd5 93.Kd6 Rb6+ 94.Ke7 Re6+ 95.Kd7 Kc5 96.Rh2 Rf6 97.Re2 Rf4 
98.Re1 Rf8 99.Re5 Kd4 100.Re1 Ra8 101.Kd6 Ra6+ 102.Ke7 Be4 103.Rc1 Ke5 
104.Rd1 Ra2 105.Kd8 Rb2 106.Ke7 Rc2 107.Re1 Rc7+ 108.Kd8 Ra7 109.Kc8 Rg7 
110.Re2 Kd5 111.Rd2+ Kc6 112.Kd8 Bd5 113.Ke8 Kd6 114.Rf2 Rg4 115.Rf6+ Be6 
116.Rf2 Ra4 117.Kf8 Ra8+ 118.Kg7 Ke7 119.Kg6 Ra5 120.Rf1 Ra4 1/2-1/2

[Event "POL-ChT2"]
[Site "Katowice POL"]
[Date "2010.09.05"]
[Round "2"]
[White "Skalik, Przemyslaw"]
[Black "Chalupnik, Marcin"]
[Result "1-0"]
[WhiteElo "2369"]
[BlackElo "2247"]
[EventDate "2010.09.04"]
[PlyCount "112"]

1.Nf3 {]} 1...Nf6 {]} 2.c4 {]} 2...g6 {]} 3.Nc3 {]} 3...Bg7 {]} 4.e4 {]} 
4...d6 {]} 5.d4 {]} 5...O-O {]} 6.Be2 {]} 6...e5 {]} 7.Be3 {]} 7...Ng4 {]}
8.Bg5 {]} 8...f6 {]} 9.Bh4 {]} 9...Nc6 {]} 10.d5 {]} 10...Ne7 {]} 11.Nd2 {
]} 11...Nh6 {]} 12.f3 {]} 12...g5 {]} 13.Bf2 {]} 13...f5 {]} 14.c5 {]} 
14...g4 {[%clk 1:21]} 15.fxg4 Nxg4 16.Bxg4 fxg4 17.Nc4 Ng6 18.Qd2 b6 19.
cxd6 cxd6 20.Nb5 Ba6 21.a4 Rf4 22.Qe2 Qd7 23.g3 Rf6 24.Ne3 h5 25.Nf5 Ne7 
26.Nh4 Bh6 27.O-O Raf8 28.Ng2 Kh7 29.Be3 Rf3 30.Bxh6 Kxh6 31.Nh4 Rxf1+ 32.
Rxf1 Rxf1+ 33.Qxf1 Kg7 34.Qc1 Bxb5 35.Qg5+ Kf8 36.Qf6+ Ke8 37.Qh8+ Kf7 38.
Qxh5+ Kf8 39.Qh6+ Ke8 40.Qh8+ Kf7 41.Qh5+ Kf8 42.axb5 Qxb5 43.Qxg4 Qxb2 
44.Nf5 Nxf5 45.Qxf5+ Kg7 46.h4 b5 47.Qd7+ Kg8 48.Qxd6 Qc1+ 49.Kh2 Qc2+ 50.
Kh3 Qxe4 51.Qe6+ Kg7 52.d6 Qh1+ 53.Kg4 e4 54.d7 Qf3+ 55.Kg5 Qxg3+ 56.Kh5 
Kf8 1-0

[Event "POL-ChT2"]
[Site "Katowice POL"]
[Date "2010.09.05"]
[Round "2"]
[White "Zajkowska, Olga"]
[Black "Michna, Marta"]
[Result "0-1"]
[WhiteElo "1819"]
[BlackElo "2399"]
[EventDate "2010.09.04"]
[PlyCount "94"]

1.d4 e6 2.c4 b6 3.Nc3 Bb7 4.Qc2 f5 5.Nf3 Nf6 6.h3 Be7 7.e3 O-O 8.Be2 Ne4 
9.O-O d6 10.Rd1 Nd7 11.d5 Nxc3 {%} 12.Qxc3 e5 13.b4 Qe8 14.Bb2 a5 15.a3 
Qg6 16.Qc2 Bc8 17.Bf1 Qh6 18.Rac1 g5 19.Nh2 Qg6 20.f3 h5 21.Be2 Qh6 22.Qd2
Rf7 23.Rf1 f4 24.exf4 gxf4 25.Bd3 Rg7 26.Bf5 axb4 27.axb4 Nf8 28.Bxc8 Rxc8
29.c5 bxc5 30.bxc5 Ng6 31.cxd6 Bxd6 32.Rfe1 Nh4 33.Re2 Qg5 34.Rc2 Rf8 35.
Qe1 Rf5 36.Kh1 Qe7 37.Bc1 Ng6 38.Rc4 Qf7 39.Qa5 Ne7 40.Rd2 Rfg5 41.Ba3 Qg6
42.Rcc2 Kh7 43.Nf1 e4 44.Bxd6 cxd6 45.fxe4 f3 46.gxf3 Rg1+ 47.Kh2 Rh1+ 0-1

[Event "POL-ChT2"]
[Site "Katowice POL"]
[Date "2010.09.06"]
[Round "3"]
[White "Rudolf, Michal"]
[Black "Jedynak, Radoslaw"]
[Result "0-1"]
[WhiteElo "2372"]
[BlackElo "2492"]
[EventDate "2010.09.04"]
[PlyCount "70"]

1.d4 e6 2.c4 Nf6 3.Nc3 Bb4 4.Nf3 b6 5.Qb3 a5 6.Bg5 Bb7 7.e3 d6 8.Be2 h6 9.
Bh4 g5 10.Bg3 Ne4 11.O-O-O Bxc3 12.bxc3 Nd7 13.Ne1 h5 14.f3 Nxg3 15.hxg3 
Qf6 16.Nd3 O-O-O 17.Rh2 e5 18.Rdh1 e4 19.fxe4 Bxe4 20.Qd1 Bg6 21.Bxh5 Rxh5
22.Rxh5 Qe6 23.Rh8 Qxc4 24.Kc2 Qxa2+ 25.Kc1 Qc4 26.Kc2 Nf6 27.e4 Bxe4 28.
Rxd8+ Kxd8 29.Rh8+ Kd7 30.Qe2 Bg6 31.g4 b5 32.Qe3 b4 33.Rh3 Nd5 34.Qxg5 
Qxc3+ 35.Kd1 Bxd3 0-1

[Event "POL-ChT2"]
[Site "Katowice POL"]
[Date "2010.09.06"]
[Round "3"]
[White "Shkapenko, Pavel"]
[Black "Warszawski, Bartosz"]
[Result "0-1"]
[WhiteElo "2426"]
[BlackElo "2309"]
[EventDate "2010.09.04"]
[PlyCount "120"]

1.e4 c5 2.Nf3 e6 3.d4 cxd4 4.Nxd4 Nc6 5.Nb5 d6 6.c4 Nf6 7.N1c3 a6 8.Na3 b6
9.Be2 Bb7 10.O-O Nb8 11.f3 Be7 12.Bf4 O-O 13.Qd2 Nc6 14.Rac1 Ne5 15.Rfd1 
Qc7 16.Be3 Rac8 17.Qe1 Rfe8 18.Qf2 Ned7 19.g4 Red8 20.g5 Ne8 21.f4 g6 22.
Nc2 Qb8 23.f5 gxf5 24.exf5 Ba8 25.Nd4 e5 26.Nc2 f6 27.h4 Kh8 28.Nb4 Nc7 
29.Kh2 Rg8 30.Rg1 b5 31.g6 bxc4 32.g7+ Rxg7 33.Rxg7 Kxg7 34.Bxc4 d5 35.
Rg1+ Kf7 36.Qf3 Bxb4 37.Nxd5 Nxd5 38.Bxd5+ Ke7 39.Kh3 Kd6 40.Rd1 Ke7 41.
Bxa8 Qxa8 42.Qg4 Rg8 43.Qxb4+ Ke8 44.Rg1 Rxg1 45.Bxg1 Qh1+ 46.Bh2 Qf3+ 47.
Bg3 Qxf5+ 48.Kg2 Qd3 49.Qg4 Qd5+ 50.Kh3 Qxa2 51.h5 Ke7 52.Qb4+ Kf7 53.b3 
Qc2 54.h6 Qf5+ 55.Kg2 Qe6 56.Qb7 Kg6 57.Bf2 Kxh6 58.Qf3 f5 59.Kf1 Nf6 60.
Bc5 f4 0-1

[Event "POL-ChT2"]
[Site "Katowice POL"]
[Date "2010.09.06"]
[Round "3"]
[White "Kaim, Piotr"]
[Black "Slaby, Jerzy"]
[Result "0-1"]
[WhiteElo "2288"]
[BlackElo "2477"]
[EventDate "2010.09.04"]
[PlyCount "96"]

1.e4 c5 2.Nf3 Nc6 3.d4 cxd4 4.Nxd4 Nf6 5.Nc3 d6 6.Bg5 e6 7.Qd3 a6 8.Be2 
Bd7 9.O-O Qc7 10.Bxf6 gxf6 11.Rad1 h5 12.Kh1 Be7 13.f4 h4 14.Bg4 Nxd4 15.
Qxd4 Rc8 16.f5 Qc5 17.Qd3 Qe5 18.Qh3 Rc7 19.Ne2 Rc4 20.Nf4 exf5 21.Nd3 
Qxe4 22.Bf3 Qe3 23.Rde1 Qg5 24.Bd5 Re4 25.Qf3 h3 26.g3 Qd2 27.Rxe4 Qg2+ 
28.Qxg2 hxg2+ 29.Kxg2 fxe4 30.Nf4 Bc6 31.h4 f5 32.c4 Bf6 33.b3 Ke7 34.Nh3 
Rg8 35.Kh2 Be5 36.Nf4 Bxf4 37.Rxf4 Bxd5 38.cxd5 Kf6 39.Rf2 Ke5 40.Kg2 Rg4 
41.h5 Rg5 42.h6 Rg6 43.Rc2 Rxh6 44.Rc7 Rf6 45.Rxb7 f4 46.Re7+ Kxd5 47.g4 
Kd4 48.Kh3 f3 0-1

[Event "POL-ChT2"]
[Site "Katowice POL"]
[Date "2010.09.06"]
[Round "3"]
[White "Skalski, Michal"]
[Black "Rams, Michal"]
[Result "1/2-1/2"]
[WhiteElo "2447"]
[BlackElo "2281"]
[EventDate "2010.09.04"]
[PlyCount "76"]

1.Nf3 g6 2.c4 Bg7 3.Nc3 d6 4.g3 e5 5.Bg2 Nc6 6.O-O Nf6 7.d3 O-O 8.Rb1 a5 
9.a3 Re8 10.Bg5 h6 11.Bxf6 Bxf6 12.b4 axb4 13.axb4 Bg7 14.Ne1 Ne7 15.Nc2 
c6 16.b5 Be6 17.Nb4 Qd7 18.Qc2 Bh3 19.Qb3 Bxg2 20.Kxg2 Nf5 21.Rfc1 Nd4 22.
Qd1 h5 23.e3 Ne6 24.h4 f5 25.Qf3 Rac8 26.Na4 Qc7 27.Qd1 f4 28.Nc3 fxe3 29.
fxe3 Bh6 30.Qe2 Ng7 31.Nc2 Nf5 32.Rf1 Rf8 33.bxc6 bxc6 34.e4 Nd4 35.Nxd4 
exd4 36.Rxf8+ Rxf8 37.Nd1 Qa7 38.Nf2 Be3 1/2-1/2

[Event "POL-ChT2"]
[Site "Katowice POL"]
[Date "2010.09.06"]
[Round "3"]
[White "Chalupnik, Marcin"]
[Black "Kuzmicz, Krystian"]
[Result "0-1"]
[WhiteElo "2247"]
[BlackElo "2407"]
[EventDate "2010.09.04"]
[PlyCount "64"]

1.e4 g6 2.d4 Bg7 3.Nc3 c6 4.Bc4 d5 5.exd5 b5 6.Bb3 b4 7.Nce2 cxd5 8.a3 
bxa3 9.Rxa3 Nf6 10.Nf3 O-O 11.O-O Qb6 12.Nf4 e6 13.Re1 Nc6 14.Ne5 Nxe5 15.
dxe5 Nd7 16.Nd3 Ba6 17.Be3 Qb7 18.f4 Rfc8 19.Qd2 Bf8 20.Ra5 Bc4 21.Ba4 
Bxd3 22.Qxd3 Qb4 23.Bd2 Qb6+ 24.Kh1 Nc5 25.Qd4 Ne4 26.Qxb6 axb6 27.Rxa8 
Rxa8 28.Bc6 Rc8 29.Rxe4 Rxc6 30.Re1 Rxc2 31.Bc3 Bc5 32.h3 d4 0-1

[Event "POL-ChT2"]
[Site "Katowice POL"]
[Date "2010.09.06"]
[Round "3"]
[White "Gasik, Anna"]
[Black "Zajkowska, Olga"]
[Result "1-0"]
[WhiteElo "2203"]
[BlackElo "1819"]
[EventDate "2010.09.04"]
[PlyCount "63"]

1.e4 d6 2.d4 g6 3.Nc3 Bg7 4.Nf3 Nf6 5.g3 O-O 6.Bg2 Nbd7 7.O-O c6 8.a4 Re8 
9.b3 Qc7 10.Bb2 a6 11.Re1 e5 12.Qd2 b6 13.dxe5 dxe5 14.Ba3 Nc5 15.Bxc5 
bxc5 16.a5 Rb8 17.Na4 Nd7 18.Qc3 Rb5 19.Bf1 Rb8 20.Nd2 Bf8 21.Nc4 Rb4 22.
Ncb6 Rd4 23.Nxd7 Bxd7 24.Nxc5 Bc8 25.Red1 Red8 26.Rxd4 Rxd4 27.Nxa6 Bxa6 
28.Bxa6 Bb4 29.Qf3 Bxa5 30.Bc4 Qd8 31.Qxf7+ Kh8 32.Rxa5 1-0

[Event "POL-ChT2"]
[Site "Katowice POL"]
[Date "2010.09.06"]
[Round "3"]
[White "Wojciechowski, Piotr"]
[Black "Markowski, Tomasz"]
[Result "1/2-1/2"]
[WhiteElo "2305"]
[BlackElo "2626"]
[EventDate "2010.09.04"]
[PlyCount "171"]

1.e4 c5 2.Nf3 g6 3.d4 Bg7 4.c4 Qb6 5.Nc3 cxd4 6.Nd5 Qa5+ 7.Qd2 Qxd2+ 8.
Bxd2 Na6 9.c5 Nf6 10.Bxa6 Nxd5 11.Bc4 Nc7 12.Bf4 Na6 13.Bxa6 bxa6 14.Be5 
Bxe5 15.Nxe5 Bb7 16.f3 Rc8 17.Nd3 a5 18.Kd2 Ba6 19.e5 O-O 20.Rac1 Rc6 21.
Rhe1 Rb8 22.b3 Bb5 23.Re4 a4 24.bxa4 Bxa4 25.Rxd4 Ra6 26.Rc3 Bb5 27.a3 Rc8
28.Nf4 e6 29.Nd3 Ra5 30.f4 Kf8 31.g3 Ke7 32.Nf2 Bc6 33.Nd3 h5 34.h4 Rc7 
35.Rb4 Bb7 36.Nf2 Bg2 37.Nd3 Bf1 38.Rbc4 Rc6 39.a4 Rc7 40.Rc1 Bg2 41.Rb4 
Bb7 42.Nf2 Bc6 43.Ne4 Bxe4 44.Rxe4 Raxc5 45.Rxc5 Rxc5 46.Rb4 a5 47.Re4 f6 
48.Ke3 Rc3+ 49.Kf2 d5 50.exd6+ Kxd6 51.Rd4+ Ke7 52.Kg2 Rc5 53.Rd3 e5 54.
fxe5 fxe5 55.Rb3 Ke6 56.Rb6+ Kf5 57.Ra6 g5 58.hxg5 Kxg5 59.Kf3 Kf5 60.Rh6 
Rc3+ 61.Kf2 Ke4 62.Rxh5 Rc2+ 63.Ke1 Ra2 64.g4 Rxa4 65.g5 Kd5 66.Rh6 Re4+ 
67.Kd2 Rd4+ 68.Ke2 Kc4 69.Rc6+ Kb4 70.Rb6+ Kc5 71.Re6 Re4+ 72.Kd3 Kd5 73.
Ra6 Ra4 74.g6 Ra3+ 75.Ke2 Ke4 76.g7 Rg3 77.Rxa5 Rg2+ 78.Ke1 Rxg7 79.Ra3 
Kf4 80.Kf2 e4 81.Ke2 Rg2+ 82.Ke1 Rb2 83.Rh3 Ra2 84.Rb3 Ra4 85.Ke2 Ra8 86.
Rc3 1/2-1/2

[Event "POL-ChT2"]
[Site "Katowice POL"]
[Date "2010.09.06"]
[Round "3"]
[White "Orzech, Dominik"]
[Black "Juroszek, Tadeusz"]
[Result "1-0"]
[WhiteElo "2422"]
[BlackElo "2365"]
[EventDate "2010.09.04"]
[PlyCount "91"]

1.d4 {0} 1...d6 {0} 2.c4 {0} 2...e5 3.Nf3 exd4 4.Nxd4 g6 5.g3 Bg7 6.Bg2 
Ne7 7.O-O O-O 8.Nc3 Nd7 9.Qd2 Nc5 10.b3 Bd7 11.Bb2 Re8 12.Rad1 Qc8 13.Rfe1
a6 14.Ba1 Bh3 15.Bh1 h6 16.Qc2 Kh7 17.Rd2 Rb8 18.Red1 Bg4 19.b4 Ne6 20.Ne4
Ng5 21.Nxg5+ hxg5 22.Bc3 Ng8 23.c5 dxc5 24.bxc5 c6 25.Qb2 Bf8 26.Nb3 Be6 
27.Be5 Ra8 28.Na5 Bxc5 29.Nxb7 Bf8 30.Rd8 Rxd8 31.Rxd8 Qxd8 32.Nxd8 Rxd8 
33.Bxc6 Ne7 34.Be4 Rd1+ 35.Kg2 g4 36.Qc2 Rd7 37.Ba1 Bg7 38.Bxg7 Kxg7 39.
Qa4 Rd6 40.Qb4 Rd7 41.Qa5 Nd5 42.Kf1 Kh7 43.Ke1 Rd6 44.a3 Kg8 45.Bd3 Rb6 
46.e4 1-0

[Event "POL-ChT2"]
[Site "Katowice POL"]
[Date "2010.09.06"]
[Round "3"]
[White "Flasinski, Michal"]
[Black "Brodowski, Piotr"]
[Result "0-1"]
[WhiteElo "2214"]
[BlackElo "2413"]
[EventDate "2010.09.04"]
[PlyCount "70"]

1.d4 {0} 1...Nf6 {0} 2.c4 {0} 2...c5 3.d5 b5 4.Nf3 d6 5.cxb5 a6 6.b6 Nbd7 
7.Nc3 g6 8.e4 Nxb6 9.a4 a5 10.Bb5+ Bd7 11.O-O Bg7 12.h3 O-O 13.Bf4 Ne8 14.
Qe2 Nc7 15.Rfd1 Bxb5 16.axb5 Qd7 17.e5 Rfe8 18.Qc2 Red8 19.Bg5 f6 20.e6 
Qe8 21.Bd2 Rdb8 22.h4 Nbxd5 23.Nxd5 Nxd5 24.Bxa5 Qxb5 25.Rxd5 Rxa5 26.Rxa5
Qxa5 27.h5 f5 28.hxg6 hxg6 29.b3 Qa1+ 30.Kh2 Qc3 31.Qe2 Qxb3 32.Rd3 Qc4 
33.Qe3 Qe4 34.Qg5 Qxe6 35.Nh4 Qf6 0-1

[Event "POL-ChT2"]
[Site "Katowice POL"]
[Date "2010.09.06"]
[Round "3"]
[White "Oliwa, Marek"]
[Black "Wandzik, Wojciech"]
[Result "1/2-1/2"]
[WhiteElo "2418"]
[BlackElo "2199"]
[EventDate "2010.09.04"]
[PlyCount "127"]

1.d4 {0} 1...Nf6 {0} 2.Nf3 {0} 2...e6 3.e3 d5 4.Nbd2 c5 5.c3 Nc6 6.Bd3 Bd6
7.O-O O-O 8.Qe2 Qc7 9.dxc5 Bxc5 10.e4 dxe4 11.Nxe4 Be7 12.Re1 Rd8 13.Bc2 
Na5 14.Bg5 Nd5 15.Rad1 b6 16.Bxe7 Qxe7 17.Neg5 h6 18.Qd3 g6 19.Nxf7 Qxf7 
20.Ne5 Qf5 21.Qxf5 gxf5 22.c4 Bb7 23.cxd5 Bxd5 24.b3 Rac8 25.Bb1 Nc6 26.
Ng6 Kf7 27.Nf4 Ne7 28.Bd3 Rd6 29.Nxd5 Nxd5 30.Bc4 Rcd8 31.g3 Kf6 32.f4 Nc7
33.Rxd6 Rxd6 34.a4 Rd2 35.Re2 Rxe2 36.Bxe2 Ke7 37.Kg2 Kd6 38.Kh3 Nd5 39.
Kh4 Nf6 40.Bd3 a5 41.h3 Ke7 42.g4 Nd5 43.Kg3 fxg4 44.hxg4 Kf6 45.Bc4 Nc3 
46.Kh4 Ne4 47.Bd3 Nc5 48.g5+ hxg5+ 49.fxg5+ Kf7 50.Bc4 Kg6 51.Kg4 e5 52.
Bd5 e4 53.Kf4 Kg7 54.Bxe4 Nxb3 55.Ke5 Nc5 56.Bc2 Kf7 57.Kf5 Kg7 58.Ke5 Kf7
59.Kf5 Kg7 60.Kg4 Kf7 61.Kf4 Kg7 62.Bd1 Kf7 63.Ke5 Nb3 64.Kd5 1/2-1/2

[Event "POL-ChT2"]
[Site "Katowice POL"]
[Date "2010.09.06"]
[Round "3"]
[White "Gola, Karol"]
[Black "Skalik, Przemyslaw"]
[Result "1/2-1/2"]
[WhiteElo "2211"]
[BlackElo "2369"]
[EventDate "2010.09.04"]
[PlyCount "74"]

1.e4 c6 2.d4 d5 3.Nc3 dxe4 4.Nxe4 Nd7 5.Ng5 Ngf6 6.Bd3 e6 7.Qe2 Bd6 8.N1f3
h6 9.Ne4 Nxe4 10.Qxe4 Qc7 11.O-O b6 12.Re1 Bb7 13.Qe2 Nf6 14.Ne5 O-O-O 15.
Ba6 Bxe5 16.dxe5 Nd5 17.Bd2 Bxa6 18.Qxa6+ Qb7 19.Qxb7+ Kxb7 20.c4 Ne7 21.
Rad1 Nf5 22.Bc3 h5 23.Kf1 c5 24.Ke2 Kc6 25.g3 g5 26.h3 Rxd1 27.Rxd1 g4 28.
hxg4 hxg4 29.Kd3 Rd8+ 30.Ke2 Rh8 31.Kd3 Rd8+ 32.Ke2 Rh8 33.Rd2 a6 34.Kd3 
b5 35.b3 b4 36.Bb2 Rd8+ 37.Ke2 Rh8 1/2-1/2

[Event "POL-ChT2"]
[Site "Katowice POL"]
[Date "2010.09.06"]
[Round "3"]
[White "Michna, Marta"]
[Black "Szydlowska-Duda, Marta"]
[Result "1-0"]
[WhiteElo "2399"]
[BlackElo "2063"]
[EventDate "2010.09.04"]
[PlyCount "53"]

1.b3 Nf6 2.Bb2 g6 3.f4 Bg7 4.e3 O-O 5.Nf3 d6 6.g3 Nc6 7.Bg2 e5 8.fxe5 Ng4 
9.O-O Ngxe5 10.Nxe5 Nxe5 11.Nc3 Bg4 12.Qe1 c6 13.d4 Nd7 14.Qf2 Be6 15.a4 
f5 16.a5 Nf6 17.a6 Qc7 18.axb7 Qxb7 19.Qe2 a5 20.Qd3 Qc7 21.Ra4 Bh6 22.
Rfa1 Ng4 23.Bc1 d5 24.b4 Bc8 25.Nxd5 Qd8 26.Nf4 Ba6 27.Qb3+ 1-0

[Event "POL-ChT2"]
[Site "Katowice POL"]
[Date "2010.09.06"]
[Round "3"]
[White "Walach, Marcin"]
[Black "Talla, Vladimir"]
[Result "1-0"]
[WhiteElo "2371"]
[BlackElo "2456"]
[EventDate "2010.09.04"]
[PlyCount "43"]

1.e4 c5 2.c3 Nf6 3.e5 Nd5 4.d4 cxd4 5.cxd4 d6 6.Bc4 e6 7.Nf3 Nc6 8.O-O Be7
9.Nbd2 Qc7 10.Re1 O-O 11.a3 Rd8 12.Qe2 Nf4 13.Qe3 Ng6 14.b4 a6 15.Bb2 b5 
16.Bd3 Qb6 17.exd6 Bxd6 18.Ne4 Bf8 19.Rac1 Bb7 20.Neg5 Nce7 21.Ne5 f6 22.
Rc6 1-0

[Event "POL-ChT2"]
[Site "Katowice POL"]
[Date "2010.09.06"]
[Round "3"]
[White "Zawadzki, Stanislaw"]
[Black "Wieczorek, Zbigniew"]
[Result "1-0"]
[WhiteElo "2412"]
[BlackElo "2315"]
[EventDate "2010.09.04"]
[PlyCount "84"]

1.e4 g6 2.d4 Bg7 3.Nf3 d6 4.Nc3 a6 5.a4 b6 6.Bd3 Nd7 7.Be3 Bb7 8.Qd2 c5 9.
d5 Ngf6 10.h3 O-O 11.O-O Ne8 12.Rab1 Nc7 13.Rfd1 Nf6 14.b4 Rb8 15.Rb3 Ba8 
16.Rdb1 Rc8 17.bxc5 bxc5 18.Bc4 Nd7 19.Bh6 Rb8 20.Bxg7 Kxg7 21.Qf4 Rxb3 
22.Rxb3 f6 23.Qe3 Ne5 24.Nxe5 fxe5 25.a5 Qc8 26.Be2 Ne8 27.Rb6 Nc7 28.Qg5 
Rf6 29.h4 Qf8 30.Qe3 e6 31.dxe6 Nxe6 32.Rxa6 Nd4 33.Bc4 Rf4 34.Ra7+ Kh8 
35.Qh3 Bc6 36.Rc7 Qh6 37.Rc8+ Rf8 38.Qe3 Qg7 39.Rxf8+ Qxf8 40.Qg5 Nxc2 41.
a6 Kg7 42.h5 Qd8 1-0

[Event "POL-ChT2"]
[Site "Katowice POL"]
[Date "2010.09.06"]
[Round "3"]
[White "Orzechowski, Jacek"]
[Black "Bulski, Krzysztof"]
[Result "0-1"]
[WhiteElo "2283"]
[BlackElo "2459"]
[EventDate "2010.09.04"]
[PlyCount "74"]

1.c4 c6 2.e4 d5 3.exd5 cxd5 4.d4 Nf6 5.Nc3 Nc6 6.Nf3 e6 7.cxd5 Nxd5 8.Bd3 
Bd6 9.O-O O-O 10.Re1 h6 11.a3 Nce7 12.Ne5 f6 13.Nxd5 Nxd5 14.Ng6 Rf7 15.
Qh5 Rc7 16.Be4 Qd7 17.Bxd5 exd5 18.Nf4 Rxc1 19.Raxc1 Bxf4 20.Qe8+ Kh7 21.
Rc2 Rb8 22.g3 Bd6 23.Qe3 Qf5 24.Qb3 Bd7 25.Rc3 Re8 26.Rxe8 Bxe8 27.Qxb7 
Qb1+ 28.Kg2 Qe4+ 29.Kg1 Qxd4 30.Qb3 Bg6 31.Re3 Bc5 32.Re2 Qd3 33.Qxd3 Bxd3
34.Rd2 Bc4 35.b4 Bd6 36.f4 g5 37.fxg5 hxg5 0-1

[Event "POL-ChT2"]
[Site "Katowice POL"]
[Date "2010.09.06"]
[Round "3"]
[White "Pieniazek, Artur"]
[Black "Helis, Tadeusz"]
[Result "1/2-1/2"]
[WhiteElo "2374"]
[BlackElo "2277"]
[EventDate "2010.09.04"]
[PlyCount "43"]

1.d4 Nf6 2.c4 c5 3.d5 b5 4.cxb5 a6 5.bxa6 Bxa6 6.g3 g6 7.Bg2 d6 8.Nf3 Bg7 
9.O-O O-O 10.Nc3 Nbd7 11.Qc2 Qa5 12.Rd1 Rfb8 13.Rb1 Ng4 14.Bd2 Nge5 15.
Nxe5 Nxe5 16.b3 Qa3 17.Bc1 Qa5 18.Bd2 Qa3 19.Bc1 Qa5 20.Bd2 Qa3 21.Ra1 Qa5
22.a4 1/2-1/2

[Event "POL-ChT2"]
[Site "Katowice POL"]
[Date "2010.09.06"]
[Round "3"]
[White "Stysiak, Szymon"]
[Black "Dobrowolski, Aleksander"]
[Result "1-0"]
[WhiteElo "2211"]
[BlackElo "2328"]
[EventDate "2010.09.04"]
[PlyCount "73"]

1.d4 Nf6 2.c4 g6 3.Nc3 Bg7 4.e4 d6 5.f3 O-O 6.Be3 e5 7.Nge2 c6 8.Qd2 Nbd7 
9.d5 cxd5 10.cxd5 a6 11.g4 h5 12.g5 Nh7 13.Rg1 f6 14.gxf6 Rxf6 15.O-O-O b5
16.Ng3 h4 17.Nh1 Nb6 18.Qf2 Rb8 19.Rd2 Bd7 20.Nd1 Rc8+ 21.Rc2 Rxc2+ 22.
Kxc2 Qc7+ 23.Kb1 Nc4 24.Bc1 Qc5 25.Ne3 Bh6 26.Nxc4 Qxf2 27.Nxf2 Bxc1 28.
Kxc1 Rxf3 29.Nxe5 dxe5 30.Nd3 Bh3 31.Rxg6+ Kf8 32.Bxh3 Rxh3 33.Nxe5 Re3 
34.d6 Rxe4 35.d7 Rd4 36.Rxa6 Ng5 37.Ra8+ 1-0

[Event "POL-ChT2"]
[Site "Katowice POL"]
[Date "2010.09.06"]
[Round "3"]
[White "Zmarzly, Aleksandra"]
[Black "Cherednichenko, Svetlana"]
[Result "1-0"]
[WhiteElo "2063"]
[BlackElo "2285"]
[EventDate "2010.09.04"]
[PlyCount "93"]

1.d4 Nf6 2.c4 g6 3.Nc3 Bg7 4.e4 d6 5.f3 O-O 6.Nge2 Nc6 7.Be3 a6 8.Qd2 Rb8 
9.Nc1 e5 10.d5 Nd4 11.Nb3 Nxb3 12.axb3 Nh5 13.O-O-O Re8 14.g4 Nf4 15.h4 h6
16.Ne2 c5 17.Nxf4 exf4 18.Bxf4 Kh7 19.Bd3 Re5 20.Be3 b5 21.h5 g5 22.f4 
gxf4 23.Bxf4 bxc4 24.Bxc4 a5 25.Rdf1 Rb7 26.Rhg1 a4 27.g5 hxg5 28.h6 Bf6 
29.Bxe5 Bxe5 30.Rxg5 axb3 31.Rfg1 Ra7 32.Bxb3 Ra1+ 33.Kc2 Rxg1 34.Rxg1 Bd4
35.Rf1 Qe7 36.Qg2 Ba6 37.Rf5 Bh8 38.Qf3 f6 39.Kc1 Bc8 40.Bc2 Qf8 41.e5 
Qxh6+ 42.Kb1 Kg8 43.Rh5 Qg7 44.Rh7 Qg1+ 45.Ka2 f5 46.Rc7 Ba6 47.Qxf5 1-0